03540cam a22003375a 45000010009000000050017000090080041000260200029000670200030000960400033001260820019001591000028001782450108002062600064003143000026003785000024004045040031004285050258004595201051007175200884017686500035026526500023026876530025027106550024027357000021027599420008027809990017027889520133028059520132029389520132030701714261620151110105642.0120131s2012 enk frb f001 0 eng d a9780521765169 (hardback) a9780521758383 (paperback) aDLCbengcDLCdDLCdEG-ScBUE04a320.3222bHIS1 aHislope, Robert.93870510aIntroduction to comparative politics :bthe state and its challenges /cRobert Hislope, Anthony Mughan. aCambridge ;aNew York :bCambridge University Press,c2012. axiv, 331 p. ;c26 cm. aIndex : p. 323-331. aBibliography : p. 305-321.8 aMachine generated contents note: 1. The modern state; 2. States and politics; 3. How governments work; 4. Frameworks of governance; 5. Linkage and representation; 6. Globalization; 7. Ethnic nationalism; 8. Terrorism; 9. Organized crime; 10. Conclusion. a"This stimulating and accessible introduction to comparative politics offers a fresh perspective on the fundamentals of political science. Its central theme is the enduring political significance of the modern state despite severe challenges to its sovereignty. There are three main sections to the book. The first traces the origins and meaning of the state and proceeds to explore its relationship to the practice of politics. The second examines how states are governed and compares patterns of governance found in the two major regime types in the world today, democracy and authoritarianism. The last section discusses several contemporary challenges - globalization, ethnic nationalism, terrorism and organized crime - to state sovereignty. Designed to appeal to students and professors alike, this lively text engages readers as it traces states' struggles against the mutually reinforcing pressures of global economic and political interdependence, fragmented identities and secessionism, transnational criminal networks, and terrorism"-- a"This book is about states and the challenges to sovereignty they face in the contemporary world. We address this issue by systematically comparing states around the globe. As such, this book represents a contribution to comparative politics, which is a core subfield within the academic discipline of political science. (The other subfields include international relations, political theory, and American politics.) The object of study of comparative politics is the domestic, or internal, politics of states. Unlike other fields in the social sciences, comparative politics also offers a method in its very name -- comparison. Thus, a "comparativist" is one who observes similarities and differences among states, develops theoretical explanations for them, and then seeks to test these explanations against new cases. What one searches for depends on the questions one asks"-- 0aComparative government.2BUEsh 0aState, The.2BUEsh bBUSBOLcNovember2015 vReading book9342321 aMughan, Anthony. 2ddc c21022d20994 00102ddc40708BaccahaMAINbMAINc1STd2015-11-10ePurchasel2m16o320.3 HISp000031273r2025-07-15 00:00:00s2021-03-08yBB 00102ddc40708BaccahaMAINbMAINc1STd2015-11-10ePurchasel2m4o320.3 HISp000031271r2025-07-15 00:00:00s2021-03-08yBB 00102ddc40708BaccahaMAINbMAINc1STd2015-11-10ePurchasel2m2o320.3 HISp000031272r2025-07-15 00:00:00s2021-08-18yBB